| 000 | 01794nam a2200445Ii 4500 | ||
|---|---|---|---|
| 001 | DIGSIGHOM133 | ||
| 003 | NyNyDIG | ||
| 006 | m o d | ||
| 007 | cr ||||||||||| | ||
| 008 | 241211s2024 ck a ob 000 0 spa d | ||
| 035 | _a(OCoLC)1464589606 | ||
| 040 |
_aDGITA _beng _erda _epn _cDGITA |
||
| 020 |
_a9789586658386 _qpdf |
||
| 020 |
_a9789586658393 _qePub |
||
| 020 | _z9789586658379 | ||
| 043 | _as-ck--- | ||
| 050 | 1 | 4 | _aF2279 ebook |
| 100 | 1 |
_aZuluaga Aristizábal, Marda, _d1982- _eauthor. |
|
| 245 | 1 | 0 |
_aPalabras para los ausentes : _buna inmersión en las bitácoras del salón del nunca más / _cMarda Ucaris Zuluaga Aristizábal ; prólogo de Tatiana Duplat Ayala. |
| 264 | 1 |
_aBogotá, D. C : _bSiglo Editorial, _c2024. |
|
| 300 |
_a1 online resource : _billustrations. |
||
| 336 |
_atext _btxt _2rdacontent |
||
| 337 |
_acomputer _bc _2rdamedia |
||
| 338 |
_aonline resource _bcr _2rdacarrier |
||
| 347 |
_atext file _2rdaft |
||
| 347 | _bPDF | ||
| 490 | 1 | _aColección Justicia y conflicto | |
| 504 | _aIncludes bibliographical references. | ||
| 588 | 0 | _aOnline resource; title from PDF title page (Digitalia, viewed December 11, 2024) | |
| 650 | 0 |
_aReconciliation _zColombia. |
|
| 651 | 0 |
_aColombia _xHistory _y1974- |
|
| 700 | 1 |
_aDuplat Ayala, Tatiana, _econtributor agent of text. |
|
| 776 | 0 | 8 |
_iPrint version: _aZuluaga Aristizábal, Marda, 1982- _tPalabras para los ausentes. _dBogotá, D. C : Siglo Editorial, 2024 _z9789586658379 |
| 791 | 2 |
_aDigitalia (Firm), _edistributor. |
|
| 793 | 0 |
_gDigitalia eBook Collection: _aSiglo del Hombre Editores |
|
| 830 | 0 |
_aBiblioteca José Martí. _pJusticia & conflicto. |
|
| 856 | 4 | 0 |
_3Digitalia Hispánica _uhttps://www.digitaliapublishing.com/a/162916/ |
| 910 | _aPremium collection: 2024 | ||
| 942 | _cRAA | ||
| 999 |
_c289469 _d289469 |
||